000
00294nam a2200133Ia 4500
008
231129s1982||||xx |||||||||||||| ||spa||
040
_b
spa
082
_a
100 S464q
100
_a
Selsam Howard
245
0
_a
Que es la filosofia ?
260
_c
1982
264
_a
Grijalbo
942
_2
ddc
_c
BKS
999
_c
23583
_d
23583